Todos os times de todas as séries do futebol brasileiro - Statistics

Estatísticas Gerais
  • Esse quiz foi jogado 422 vezes
  • A pontuação média é 48 de 92
Estatísticas das Respostas
Resposta % Correto
Palmeiras
95%
Atlético - CE
94%
Flamengo
94%
São Paulo
94%
Botafogo
93%
Botafogo - PB
93%
Botafogo - SP
93%
Corinthians
92%
Santos
92%
Fluminense
91%
Grêmio
89%
Internacional
89%
Vasco
89%
América Mineiro
86%
América - RN
86%
Atletico Mineiro
85%
Cruzeiro
84%
Bahia
83%
Coritiba
83%
Cuiabá
80%
Fortaleza
80%
Juventude
80%
Athletico Paranaense
79%
Ceará
79%
Sport
79%
Bragantino
78%
Goiás
77%
Atletico Goianiense
75%
Vítória
75%
Cricíuma
74%
Avaí
73%
Chapecoense
71%
Ponte Preta
66%
CSA
63%
Naútico
63%
Guarani
62%
Paysandu
62%
Santa Cruz
62%
CRB
60%
Ituano
60%
Remo
60%
Londrina
59%
Figueirense
57%
Mirassol
57%
Vila Nova - GO
56%
ABC
55%
Paraná
54%
Portuguesa RJ
54%
Operário - PR
53%
Operário VG
53%
Novorizontino
52%
Sampaio Corrêa
52%
Brusque
51%
Volta Redonda
50%
Brasil de Pelotas
48%
Amazonas
47%
Caxias
44%
Tombense
44%
Manaus
43%
Brasiliense
42%
Ferroviário - CE
42%
São Bernardo
37%
Ypiranga
36%
São Jose
34%
Confiança
31%
Rio Branco
30%
Campinense
27%
Floresta
27%
ASA
26%
Moto Club
26%
Altos - PI
25%
Oeste
25%
Retrô
23%
Pouso Alegre
21%
Cascavel
20%
São Raimundo - AM
17%
São Raimundo - RO
17%
Sousa
16%
Anápolis
14%
Jacuipense
13%
Tocantinópolis
12%
Aimoré
10%
Lagarto
8%
Azuriz
7%
Nova Venecia
6%
Real Noroeste
6%
Costa Rica
5%
Pacajus
4%
Aparacidense
2%
Juventude Samas
2%
Afogados da Ingazeira
1%
Bahia de Feira de Santa
1%
Nenhum quiz correspondente encontrado
Distribuição das Pontuações
Porcentagem de Pessoas com Cada Pontuação
Percentil de Números Respondidos
Sua Pontuação Histórica
Você não jogou esse quiz